000 00311nam a2200121Ia 4500
008 240731s9999 xx 000 0 und d
022 _a1556-9535
245 0 _aCutaneous and Ocular Toxicology
260 _bTaylor & Francis
856 _uhttps://www.tandfonline.com/loi/icot20
942 _2ddc
942 _cTFEJ
999 _c76200
_d76200
945 _a1
_bMadushi Gamage
_c1
_dMadushi Gamage